000 01091nam a2200229Ia 4500
999 _c36701
_d36701
001 2630
003 GE_BSU
005 20190517205727.0
008 181216s1969||||ge |||||||||||||| ||geo||
040 _cGE_BSU
041 _ageo
080 _a821.353.1 ხ–73
100 _aხონელი, მოსე
_91362
245 _aამირან-დარეჯანიანი /
_cგამოსაც. მოამზადა ლ. ათანელიშვილმა ; საქ. სსრ მეცნ. აკადემია. კ. კეკელიძის სახ. ხელნაწერთა ინ-ტი. ქართ. კლასიკური ლიტ. ძეგლები.
264 _aთბილისი :
_bმერანი,
_c1969.
300 _a192 გვ.
_b22 სმ.
504 _aლექსიკონი: გვ. 177-192.
541 _h6 ლ.
653 _aქართული მოთხრობები
700 _aათანელიშვილი, ლ.
_eგამომცემელი
_91363
942 _cBK
_2udc